|
|
|
|
| LEADER |
01841nam a22004575i 4500 |
| 001 |
978-90-368-0705-0 |
| 003 |
DE-He213 |
| 005 |
20151204173851.0 |
| 007 |
cr nn 008mamaa |
| 008 |
140829s2014 ne | s |||| 0|eng d |
| 020 |
|
|
|a 9789036807050
|9 978-90-368-0705-0
|
| 024 |
7 |
|
|a 10.1007/978-90-368-0705-0
|2 doi
|
| 040 |
|
|
|d GrThAP
|
| 050 |
|
4 |
|a RB155-155.8
|
| 050 |
|
4 |
|a QH431
|
| 072 |
|
7 |
|a MFN
|2 bicssc
|
| 072 |
|
7 |
|a MED107000
|2 bisacsh
|
| 082 |
0 |
4 |
|a 611.01816
|2 23
|
| 082 |
0 |
4 |
|a 599.935
|2 23
|
| 245 |
1 |
0 |
|a Founder mutations in inherited cardiac diseases in the Netherlands
|h [electronic resource] /
|c edited by Arthur A.M. Wilde, J. Peter van Tintelen.
|
| 264 |
|
1 |
|a Houten :
|b Bohn Stafleu van Loghum :
|b Imprint: Bohn Stafleu van Loghum,
|c 2014.
|
| 300 |
|
|
|a IX, 102 p.
|b online resource.
|
| 336 |
|
|
|a text
|b txt
|2 rdacontent
|
| 337 |
|
|
|a computer
|b c
|2 rdamedia
|
| 338 |
|
|
|a online resource
|b cr
|2 rdacarrier
|
| 347 |
|
|
|a text file
|b PDF
|2 rda
|
| 520 |
|
|
|a This booklet summarizes our current knowledge of founder mutation populations (‘extended families’) in the Netherlands, among other aspects providing insight in where these patients can be expected (coloured maps of the prevalence in the 99 Dutch postal code regions are provided for every phenotype) and what their precise phenotype is.
|
| 650 |
|
0 |
|a Medicine.
|
| 650 |
|
0 |
|a Human genetics.
|
| 650 |
|
0 |
|a Cardiology.
|
| 650 |
1 |
4 |
|a Biomedicine.
|
| 650 |
2 |
4 |
|a Human Genetics.
|
| 650 |
2 |
4 |
|a Cardiology.
|
| 700 |
1 |
|
|a Wilde, Arthur A.M.
|e editor.
|
| 700 |
1 |
|
|a Tintelen, J. Peter van.
|e editor.
|
| 710 |
2 |
|
|a SpringerLink (Online service)
|
| 773 |
0 |
|
|t Springer eBooks
|
| 776 |
0 |
8 |
|i Printed edition:
|z 9789036807043
|
| 856 |
4 |
0 |
|u http://dx.doi.org/10.1007/978-90-368-0705-0
|z Full Text via HEAL-Link
|
| 912 |
|
|
|a ZDB-2-SME
|
| 950 |
|
|
|a Medicine (Springer-11650)
|